000
00269nam a22001217a 4500
008
170602b xxu||||| |||| 00| 0 eng d
041
_a
eng
080
_a
94(7/8)
100
_a
18
101
_a
SHH
245
_a
THE DEMOCRATIC EXPERIENCE
_c
WRIGHT,L.B
942
_2
udc
_c
BK
999
_c
15826
_d
15826